| 000 | 00452nam a2200181Ia 4500 | ||
|---|---|---|---|
| 003 | GCL | ||
| 008 | 140319s9999 xx 000 0 eng d | ||
| 040 |
_aGCL / _cGCL |
||
| 082 | 0 | 4 |
_a791.43 _bB C |
| 100 | 1 | _aBESSY, MAURICE | |
| 245 | 1 | 0 |
_aCHARLIE CHAPLIN / _cBESSY, MAURICE |
| 260 |
_a[S.N] : _bPYGMALION\GERARD WATELET ، _c1983 |
||
| 300 | _a349 PP | ||
| 650 | 0 | 4 | _aARTS |
| 650 | 0 | 4 | _aHISTORY AND CRITICISM |
| 650 | 0 | 4 | _aACTORS |
| 942 |
_2ddc _cBK |
||
| 999 |
_c19085 _d19085 |
||